Bienvenue à la Médiathèque de Saint-Andiol
banniere
Accueil Recherche avancée Mon compte
handi1 Rechercher dans le catalogue

Filtre   Mots-clés
  Recherche avancée
 
Lister les dernières nouveautés
 
Lister les livres GROS CARACTERES
 
Lister les périodiques (magazines)

handi1 Poule Plumette

Book Cover
Auteur principal : Paul Galdone
Titre : Poule Plumette
Support : Livres
Langue : Francais
Publié : 2022 Circonflexe Paris
Genre : Conte
Sujets :
Étiquettes :
Pas de tags
LEADER 01061nam0a2200205 450
001 16859148
010 |a 978-2-37862-413-2  |b rel.  |d 15 € 
100 |a 20221230d2022 u u0frey01 ba 
101 1 |a fre  |c eng 
102 |a FR 
200 0 |a Poule Plumette  |f un conte réécrit et ill. par Paul Galdone  |g [trad. par Catherine Bonhomme] 
207 1 |a   
210 |a Paris  |b 26, rue des Ecoles.  |c Circonflexe  |d 2022 
215 |a 1 vol. (non paginé [29] p.  |c ill. en coul  |d 18 x 26 cm 
300 |a Mes premiers contes - Cet ouvrage fait parti de la liste de l'éducation Nationale. 
330 |a Alors qu'elle gratte quelques feuilles mortes, Poule Plumette reçoit un gland sur la tête. Elle se demande ce qui se passe et décide de partir alerter le roi que le ciel va leur tomber sur la tête. Dans sa quête pour prévenir le roi, elle emmène ses amis le coq, le canard, le dindon et l'oie. 
700 0 |a Galdone  |b Paul  |f 1907-1986  |4 70 
900 |a Conte 
901 |a Jeunesse 
995 |a Médiathèque  |c Médiathèque  |f 089019220  |h 089019220  |k C GAL  |o p  |q j  |r az  |e Médiathèque